000
00261nam a2200109Ia 4500
008
200302s9999 xx 000 0 und d
100
_a
Frank Ching
245
_a
Architectural Graphics 2nd ed.
260
_b
Van Nostrand Renhold
260
_c
1985
300
_a
187 P.,
999
_c
841
_d
841